zpět

Detail výsledku týmu

The Pub Praha 2 ČT, Praha

Datum a čas kvízu

36.5 Celkem bodů Celkový počet nahraných bodů na tomto kvízu bez doplňovacích otázek.
11. Pořadí na kvízu Konečné umístění týmu na tomto kvízu.

Zaznamenané odpovědi

# Otázka Odpověď Body Výsledky
1. Minulý týden byl jistý 37letý... Mikuláš Ferjenčík, Jiří Strach 1
2. Jeden turista zveřejnil video... v Číně 0
3. Ve čtvrtek měl v českých kinec... Mizerové: Na život a na smrt 0.5
4. Společnost Tatra před několika... Phoenix 0
5. Mezinárodní hokejová federace... chránič krku 1
6. Dostanete vždy pět indicií, kt... Anna Kareninová/Karenina 0
7. Irsko – strom – Estragon – Nob... Čekání na Godota 1
8. Nashville – Felis – žár – Puli... Kočka na rozpálené plechové střeše 1
9. 3 sirotci – nevyléčitelná nemo... Román pro muže 0
10. Karviná – kronika – sv. Petr... Šikmý kostel 0